| 000 | 00986cam a2200229 4500 | ||
|---|---|---|---|
| 001 | ABS61874 | ||
| 008 | 000000n2000 000 0 eng u | ||
| 035 | _a(Sirsi) u104547 | ||
| 100 | _aMartin, J. | ||
| 245 | _aChartered surveyors provide benchmarking data for construction | ||
| 260 | _c2000 | ||
| 490 |
_aCSM (Chartered Surveyor Monthly) _vFebruary 2000 19(1) |
||
| 520 | _aChartered surveyors are again been asked to provide information for headline construction key performance indicators for time and cost predictability. The results for 1999 will be collated by BCIS. Quantity surveying and Building surveying practices are uniquely placed to calculate this data which underpins the process of improving performance in the construction industry. | ||
| 590 | _aABS | ||
| 650 | _aSURVEYORS | ||
| 650 | _aBENCHMARKING | ||
| 650 | _aBUILT ENVIRONMENT | ||
| 650 | _aBCIS | ||
| 650 | _aPERFORMANCE INDICATORS | ||
| 690 | _aBUILT ENVIRONMENT-BUILDING COSTS | ||
| 942 | _n0 | ||
| 999 |
_c62734 _d62734 |
||